América Latina frente a la crisis centroamericana: una propuesta de paz informe -resumen /

Gespeichert in:
Bibliographische Detailangaben
Körperschaften: APEP, IPRI CRIES PNUP
Format: Text
Veröffentlicht: Lima: APEP
Tags: Tag hinzufügen
Keine Tags, Fügen Sie den ersten Tag hinzu!

MARC

LEADER 00000 a a2200000 04500
001 22752
003
040
090 |a 156400  
110 |a APEP  
245 |a América Latina frente a la crisis centroamericana: una propuesta de paz informe -resumen /  |c APEP  
260 |a Lima:   |b APEP  
300 |a 58 p.  
710 |a IPRI   |a CRIES   |a PNUP  
999 |c 15438  |d 15438